Taylor Swift Singles/Promotional Singles - Statistics

General Stats
  • This quiz has been taken 17 times
  • The average score is 62 of 112
Answer Stats
Year Album Song % Correct
2008 Fearless Love Story
100%
2021 Fearless (Taylor's Version) Love Story (Taylor's Version)
100%
2019 Lover Me!
91%
2011 Speak Now Ours
91%
2007 Taylor Swift Teardrops on My Guitar
91%
2006 Taylor Swift Tim McGraw
91%
2009 Fearless You Belong with Me
91%
2013 Red 22
82%
2022 Midnights Anti-Hero
82%
2015 1989 Bad Blood
82%
2020 Folklore Cardigan
82%
2018 Reputation Delicate
82%
2017 Reputation End Game
82%
2010 Fearless Fearless
82%
2012 Red I Knew You Were Trouble
82%
2019 Lover Lover
82%
2011 Speak Now Mean
82%
2007 Taylor Swift Our Song
82%
2008 Fearless White Horse
82%
2015 1989 Wildest Dreams
82%
2021 1989 (Taylor's Version) Wildest Dreams (Taylor's Version)
82%
2019 Lover You Need to Calm Down
82%
2014 1989 Blank Space
73%
2023 Lover Cruel Summer
73%
2024 The Tortured Poets Department Fortnight
73%
2018 Reputation Getaway Car
73%
2022 Midnights Lavender Haze
73%
2017 Reputation Look What You Made Me Do
73%
2010 Speak Now Mine
73%
2016 1989 Out of the Woods
73%
2008 Taylor Swift Picture to Burn
73%
2017 Reputation ...Ready for It?
73%
2013 Red Red
73%
2014 1989 Shake It Off
73%
2008 Taylor Swift Should've Said No
73%
2011 Speak Now Sparks Fly
73%
2025 The Life of a Showgirl The Fate of Ophelia
73%
2012 Red We Are Never Ever Getting Back Together
73%
2010 Speak Now Back to December
64%
2022 Midnights Bejeweled
64%
2020 Folklore Exile
64%
2016 1989 New Romantics
64%
2011 The Hunger Games Safe & Sound
64%
2023 The More Red (Taylor's Version) Chapter Safe & Sound (Taylor's Version)
64%
2010 Speak Now Speak Now
64%
2015 1989 Style
64%
2020 Folklore The 1
64%
2011 Speak Now The Story of Us
64%
2020 Evermore Willow
64%
2015 1989 You Are in Love
64%
2023 The More Lover Chapter All of the Girls You Loved Before
55%
2021 Red (Taylor's Version) All Too Well (10 Minute Version)
55%
2008 Beautiful Eyes Beautiful Eyes
55%
2012 Red Begin Again
55%
2020 Folklore Betty
55%
2022 Where the Crawdads Sing Carolina
55%
2013 Red Everything Has Changed
55%
2012 The Hunger Games Eyes Open
55%
2023 The More Red (Taylor's Version) Chapter Eyes Open (Taylor's Version)
55%
2009 Fearless Fifteen
55%
2024 The Tortured Poets Department I Can Do It with a Broken Heart
55%
2016 Fifty Shades Darker I Don't Wanna Live Forever
55%
2023 1989 (Taylor's Version) Is It Over Now?
55%
2012 Speak Now World Tour - Live Long Live (Feat. Paula Fernandes)
55%
2023 1989 (Taylor's Version) 'Slut!'
55%
2022 1989 (Taylor's Version) This Love (Taylor's Version)
55%
2023 Midnights You're Losing Me
55%
2017 Reputation Gorgeous
45%
2021 Red (Taylor's Version) I Bet You Think About Me
45%
2023 Midnights Karma
45%
2017 Reputation New Years Day
45%
2021 Evermore No Body, No Crime
45%
2012 Non-album single Ronan
45%
2023 First Two Pages of Frankenstein The Alcott
45%
2022 = The Joker and the Queen
45%
2013 Red The Last Time
45%
2020 Lover The Man
45%
2010 Valentine's Day Today Was a Fairytale
45%
2012 Strange Clouds Both of Us
36%
2021 Evermore Coney Island
36%
2011 Speak Now Haunted
36%
2013 Two Lanes of Freedom Highway Don't Care
36%
2008 Beautiful Eyes I Heart ?
36%
2021 Red (Taylor's Version) Message in a Bottle
36%
2020 Non-album single Only the Young
36%
2012 Red State of Grace
36%
2011 Speak Now Superman
36%
2021 Folklore The Lakes
36%
2014 1989 Welcome to New York
36%
2015 1989 Wonderland
36%
2019 Cats Beautiful Ghosts
27%
2017 Reputation Call It What You Want
27%
2008 Fearless Change
27%
2013 Red Come Back... Be Here
27%
2021 Women in Music Pt. III Gasoline
27%
2011 Speak Now If This Was a Movie
27%
2023 The More Fearless (Taylor's Version) Chapter If This Was a Movie (Taylor's Version)
27%
2021 How Long Do You Think It's Gonna Last? Renegade
27%
2013 One Chance Sweeter than Fiction
27%
2009 Love Drunk Two Is Better Than One
27%
2008 Fearless You're Not Sorry
27%
2018 Bigger Babe
18%
2008 Fearless Breathe
18%
2019 Non-album single Christmas Tree Farm
18%
2021 Non-album single Christmas Tree Farm (Old Timey Version)
18%
2013 Red Girl at Home
18%
2010 Battle Studies Half of My Heart
18%
2019 Lover The Archer
18%
2013 Red The Moment I Knew
18%
2021 Fearless (Taylor's Version) You All Over Me
18%
2021 Fearless (Taylor's Version) Mr. Perfectly Fine
9%
2022 Midnights Question...?
9%
No matching quizzes found
Score Distribution
Percent of People with Each Score
Percentile by Number Answered
Your Score History
You have not taken this quiz